000 00671nam a2200181Ia 4500
008 090124s9999 xx 000 0 und d
082 _b105037
100 _aपांडे कमलाकर / राज्याध्यक्ष रजनी
245 _a छान छान गाणी
250 _a1
260 _c1955
300 _a20
600 _aपांडे कमलाकर / राज्याध्यक्ष रजनी
630 _a छान छान गाणी
700 _aपांडे कमलाकर / राज्याध्यक्ष रजनी
730 _a छान छान गाणी
942 _cBOOK
999 _c151129
_d151129